000
00219nam a22000857a 4500
008
161228b xxu||||| |||| 00| 0 eng d
100
_9
2197
_a
Aggarwala.N.K
245
_a
Ele.Grammar and Compo-1
260
_a
New Delhi
_b
GBP
_c
2010
999
_c
5085
_d
5085